| Record ID | ia:filletsofplaice0000durr |
| Source | Internet Archive |
| Download MARC XML | https://archive.org/download/filletsofplaice0000durr/filletsofplaice0000durr_marc.xml |
| Download MARC binary | https://www.archive.org/download/filletsofplaice0000durr/filletsofplaice0000durr_meta.mrc |
LEADER: 01802cam 22005657a 4500
001 ocm30037139
003 OCoLC
005 20201127010312.0
008 940126r19731971enk 000 0aeng
040 $aUKM$beng$cUKM$dNZTPP$dNZGOP$dOCLCG$dOCLCF$dOCLCQ$dOCLCO$dUKMGB$dNLE$dOCLCQ$dCLV$dOCL$dOCLCQ$dOCLCO$dOCL
015 $aGB7316006$2bnb
015 $aGB9410909$2bnb
016 7 $a001016108$2Uk
016 7 $a009734774$2Uk
019 $a16235274$a877693147
020 $a000634464X$q(pbk.)
020 $a9780006344643$q(pbk.)
020 $a0006130941$q(pbk.)
020 $a9780006130949$q(pbk.)
035 $a(OCoLC)30037139$z(OCoLC)16235274$z(OCoLC)877693147
050 14 $aQL31.D
082 04 $a591.092$220
100 1 $aDurrell, Gerald,$d1925-1995.
245 10 $aFillets of plaice /$cGerald Durrell.
260 $aLondon :$bFontana,$c1973.
300 $a189 pages
336 $atext$btxt$2rdacontent
337 $aunmediated$bn$2rdamedia
338 $avolume$bnc$2rdacarrier
500 $aOriginally published: London : Collins, 1971.
600 10 $aDurrell, Gerald Malcolm,$d1925-
650 0 $aZoologists$vBiography.
600 17 $aDurrell, Gerald,$d1925-1995.$2fast$0(OCoLC)fst01427407
650 7 $aZoologists.$2fast$0(OCoLC)fst01184692
653 1 $aZoology
655 7 $aBiographies.$2fast$0(OCoLC)fst01919896
029 1 $aAU@$b000003259771
029 1 $aAU@$b000004374086
029 1 $aAU@$b000006158898
029 1 $aNLGGC$b270396373
029 1 $aNZ1$b3657173
029 1 $aNZ1$b4966806
029 1 $aUKMGB$b009734774
029 1 $aUKPTR$b0006130941
029 1 $aUKPTR$b000634464X
029 1 $aUKWLT$b000634464x
029 1 $aUNITY$b000076740
029 1 $aUNITY$b088654079
994 $aZ0$bP4A
948 $hNO HOLDINGS IN P4A - 46 OTHER HOLDINGS